<?xml version="1.0" encoding="UTF-8"?><?xml-stylesheet type="text/xsl" href="static/style.xsl"?><OAI-PMH xmlns="http://www.openarchives.org/OAI/2.0/" xmlns:xsi="http://www.w3.org/2001/XMLSchema-instance" xsi:schemaLocation="http://www.openarchives.org/OAI/2.0/ http://www.openarchives.org/OAI/2.0/OAI-PMH.xsd"><responseDate>2026-04-18T04:25:54Z</responseDate><request verb="GetRecord" identifier="oai:riubu.ubu.es:10259/8297" metadataPrefix="marc">https://riubu.ubu.es/oai/request</request><GetRecord><record><header><identifier>oai:riubu.ubu.es:10259/8297</identifier><datestamp>2024-01-12T01:05:14Z</datestamp><setSpec>com_10259_6214</setSpec><setSpec>com_10259_5086</setSpec><setSpec>com_10259_2604</setSpec><setSpec>col_10259_6215</setSpec></header><metadata><record xmlns="http://www.loc.gov/MARC21/slim" xmlns:doc="http://www.lyncode.com/xoai" xmlns:xsi="http://www.w3.org/2001/XMLSchema-instance" xmlns:dcterms="http://purl.org/dc/terms/" xsi:schemaLocation="http://www.loc.gov/MARC21/slim http://www.loc.gov/standards/marcxml/schema/MARC21slim.xsd">
<leader>00925njm 22002777a 4500</leader>
<datafield tag="042" ind1=" " ind2=" ">
<subfield code="a">dc</subfield>
</datafield>
<datafield tag="720" ind1=" " ind2=" ">
<subfield code="a">Preciado Calzada, Mónica</subfield>
<subfield code="e">author</subfield>
</datafield>
<datafield tag="720" ind1=" " ind2=" ">
<subfield code="a">Bravo Díez, Pedro Miguel</subfield>
<subfield code="e">author</subfield>
</datafield>
<datafield tag="720" ind1=" " ind2=" ">
<subfield code="a">Calaf Chica, José</subfield>
<subfield code="e">author</subfield>
</datafield>
<datafield tag="720" ind1=" " ind2=" ">
<subfield code="a">Ballorca Juez, Daniel</subfield>
<subfield code="e">author</subfield>
</datafield>
<datafield tag="260" ind1=" " ind2=" ">
<subfield code="c">2019-03</subfield>
</datafield>
<datafield tag="520" ind1=" " ind2=" ">
<subfield code="a">During creep, magnesium alloys undergo microstructural changes due to temperature and&#xd;
stress. These alterations are associated with the evolution of the present phases at a microstructural&#xd;
level, creating different strain rates during primary and tertiary creep, and with the stability of&#xd;
the inter-metallic phase Mg17Al12 formed at these temperatures. In this paper, the results of creep&#xd;
testing of high-pressure die-cast AZ91 magnesium alloys are reported. During creep, continuous and&#xd;
discontinuous precipitates grow, which influences creep resistance. The creep mechanism that acts at&#xd;
these intermediate temperatures up to 150 ◦C is termed dislocation climbing. Finally, the influence of&#xd;
the type of precipitates on the creep behavior of alloys is determined by promoting the formation of&#xd;
continuous precipitates by a short heat treatment prior to creep testing.</subfield>
</datafield>
<datafield tag="024" ind2=" " ind1="8">
<subfield code="a">http://hdl.handle.net/10259/8297</subfield>
</datafield>
<datafield tag="024" ind2=" " ind1="8">
<subfield code="a">10.3390/ma12060872</subfield>
</datafield>
<datafield tag="024" ind2=" " ind1="8">
<subfield code="a">1996-1944</subfield>
</datafield>
<datafield ind1=" " ind2=" " tag="653">
<subfield code="a">AZ91</subfield>
</datafield>
<datafield ind1=" " ind2=" " tag="653">
<subfield code="a">Magnesium alloys</subfield>
</datafield>
<datafield ind1=" " ind2=" " tag="653">
<subfield code="a">Creep</subfield>
</datafield>
<datafield ind1=" " ind2=" " tag="653">
<subfield code="a">High pressure die casting</subfield>
</datafield>
<datafield tag="245" ind1="0" ind2="0">
<subfield code="a">Strain Rate during Creep in High-Pressure Die-Cast AZ91 Magnesium Alloys at Intermediate Temperatures</subfield>
</datafield>
</record></metadata></record></GetRecord></OAI-PMH>